01168nam a2200169Ia 4500082001200000100004000012245006700052260009300119300003500212500047000247650004400717650005900761650005600820650005300876700005000929700001900979 aRI.0036 aVisakhapatnam Municipal Corporation 0aEvaluation study of the Visakhapatnam Slum Improvement Project c1992bOverseas Development Administration (U.K.) and Visakhapatnam Municipal Corporation a5Pts. 110p, 22p, 187p, 103p, 8 aPt1. Anthropological study : Case studies of selected families by D.L. Prasada Rao and Rajesh Patnaik. Pt2. Report on moved-out and moved-in households by B. Sarveswara Rao and G. Ramachandrudu Pt3. Report on the household survey by B. Sarveswara Rao and B. Ramachandrudu Pt4. Report on changes in health status, 1988-91 by B. Swarajyalakshmi and others Pt5. Profiles of selected slums in Visakhapatnam city by B. Sarveswara Rao, G. Ramachandrudu and Rajesh Patnaik aSLUMS - ANDHRA PRADESH - VISHAKHAPATNAM aANTHROPOLOGY, SOCIAL - ANDHRA PRADESH - VISHAKHAPATNAM aHEALTH FACILITIES - ANDHRA PRADESH - VISHAKHAPATNAM aHOME ECONOMICS - ANDHRA PRADESH - VISHAKHAPATNAM aInstitute of Development and Planning Studies aSarveswara Rao